00606nam a22001577a 4500027001500000040001600015082001300031100002400044245014400068260003500212300002700247650004000274942001300314999001900327952010200346 qHard Cover cSINES-NUST, a004bAZA aBasit Azad.9104548 aGallium and Germanium Doped Nanodiamonds for Methanol Detection:bA Quantum Mechanical Investigation for Sensor applications /cAzad, Basit aIslamabad:bSINES-NUST,c2022. a67 p. :bill. ;c35cm. xMS-Computational Chemistry.9104549 2ddccTHE c592637d592637 00102ddc4070aRCMSbRCMScTHEd2022-12-09l0o004 AZApRCMS003369r2022-12-09w2022-12-09yREF